000 00654nam a22002537a 4500
003 UA-OsUOA
001 105276
007 ta
008 20140224b un ||||| |||| 00| 0 ukr d
090 _a82
_bН12
942 _cMG
040 _aUA-OsUOA
_bukr
_cUA-OsUOA
_dUA-OsUOA
245 _aНаша віра
_cГол. ред. Сверстюк Є.
300 _a16 с.
955 _a1
041 _aukr
080 _a82
260 _aК.
246 3 1 _aВсеукраїнська православна газета
_n
044 _aUA
962 _a1989
099 _a61671
650 7 _a82 Література. Літературознавство
_2UDC
999 _c381394
_d381394